| 000 | 00965nac a22003131i 4500 | ||
|---|---|---|---|
| 003 | EG-ScBUE | ||
| 005 | 20230730093518.0 | ||
| 008 | 230730t1991 enkb f 001 0 eng d | ||
| 020 | _a0415066255 | ||
| 020 | _a9780415066259 | ||
| 040 |
_aEG-ScBUE _beng _erda _cEG-ScBUE _dEG-ScBUE |
||
| 082 | 0 | 4 |
_a911 _bBOY _222 |
| 100 | 1 |
_aBoyd, Andrew, _d1920-2003, _eauthor. |
|
| 245 | 1 | 3 |
_aAn atlas of world affairs / _cAndrew Boyd. |
| 250 | _aNinth edition. | ||
| 264 | 1 |
_aLondon ; _aNew York : _bRoutledge, _c[1991] |
|
| 264 | 4 | _cc1991 | |
| 300 |
_a240 pages : _bmaps ; _c22 cm |
||
| 336 |
_2rdacontent _atext _btxt |
||
| 337 |
_2rdamedia _aunmediated _bn |
||
| 338 |
_2rdacarrier _avolume _bnc |
||
| 500 | _aIncludes index. | ||
| 500 | _aIncludes appendix. | ||
| 650 | 7 |
_aWorld politics _y1945-1989 _vMaps. _2BUEsh |
|
| 650 | 7 |
_aWorld politics _y1985-1995 _vMaps. _2BUEsh |
|
| 650 | 7 |
_aHistorical geography _vMaps. _2BUEsh |
|
| 655 | _vReading book | ||
| 942 |
_cBB _2ddc |
||
| 999 |
_c6656 _d6656 |
||